[Event "Moscow Open A,B"]
[Site "?"]
[Date "2017.02.03"]
[Round "7.4"]
[White "Ivanov, Oleg V"]
[Black "Sjugirov, Sanan"]
[Result "1/2-1/2"]
[BlackElo "2673"]
[WhiteElo "2482"]
[LiveChessVersion "1.4.8"]

1. e4 {[%clk 1:30:56]} c5 {[%clk 1:28:49]} 2. Nf3 {[%clk 1:31:07]} d6
{[%clk 1:29:03]} 3. d4 {[%clk 1:31:33]} cxd4 {[%clk 1:29:17]} 4. Nxd4
{[%clk 1:31:58]} Nf6 {[%clk 1:29:16]} 5. Nc3 {[%clk 1:32:23]} a6 {[%clk 1:29:40]}
6. h3 {[%clk 1:31:54]} e5 {[%clk 1:29:33]} 7. Nb3 {[%clk 1:32:05]} Be6
{[%clk 1:29:18]} 8. f4 {[%clk 1:31:35]} g6 {[%clk 1:28:58]} 9. fxe5
{[%clk 1:11:13]} Nh5 {[%clk 1:17:23]} 10. Be3 {[%clk 1:03:29]} Nc6
{[%clk 1:10:49]} 11. Qd2 {[%clk 0:56:19]} Nxe5 {[%clk 1:06:08]} 12. Bd3
{[%clk 0:50:16]} Qh4+ {[%clk 0:57:58]} 13. Qf2 {[%clk 0:35:34]} Be7
{[%clk 0:53:49]} 14. O-O-O {[%clk 0:33:13]} Qxf2 {[%clk 0:49:54]} 15. Bxf2
{[%clk 0:33:42]} Rc8 {[%clk 0:36:32]} 16. Kb1 {[%clk 0:26:24]} Nf6
{[%clk 0:34:16]} 17. Nd4 {[%clk 0:23:24]} Nfd7 {[%clk 0:33:12]} 18. Be2
{[%clk 0:21:22]} O-O {[%clk 0:29:29]} 19. Rhe1 {[%clk 0:18:10]} Nc4
{[%clk 0:23:16]} 20. Bxc4 {[%clk 0:11:31]} Bxc4 {[%clk 0:22:46]} 21. Nf3
{[%clk 0:11:33]} Rfd8 {[%clk 0:16:05]} 22. Nd5 {[%clk 0:10:48]} Bxd5
{[%clk 0:15:56]} 23. Rxd5 {[%clk 0:11:16]} Nf6 {[%clk 0:14:15]} 24. Rd2
{[%clk 0:10:26]} Re8 {[%clk 0:13:29]} 25. Bh4 {[%clk 0:07:48]} Kg7
{[%clk 0:12:22]} 26. c3 {[%clk 0:06:12]} Bf8 {[%clk 0:11:35]} 27. Bxf6+
{[%clk 0:03:33]} Kxf6 {[%clk 0:12:00]} 28. Kc2 {[%clk 0:03:17]} Kg7
{[%clk 0:11:44]} 29. Rd5 {[%clk 0:03:23]} Rc5 {[%clk 0:08:03]} 30. Kd3
{[%clk 0:01:09]} Rxd5+ {[%clk 0:02:23]} 31. exd5 {[%clk 0:01:39]} Rxe1
{[%clk 0:02:46]} 32. Nxe1 {[%clk 0:02:08]} f5 {[%clk 0:02:52]} 33. b4
{[%clk 0:02:10]} Kf6 {[%clk 0:03:05]} 34. c4 {[%clk 0:02:00]} Ke5
{[%clk 0:01:03]} 35. g3 {[%clk 0:02:08]} g5 {[%clk 0:01:16]} 36. Nf3+
{[%clk 0:01:54]} Kf6 {[%clk 0:01:45]} 37. Kd4 {[%clk 0:01:43]} g4
{[%clk 0:01:24]} 38. hxg4 {[%clk 0:01:57]} fxg4 {[%clk 0:01:53]} 39. Nh4
{[%clk 0:02:02]} b6 {[%clk 0:00:35]} 40. Ke4 {[%clk 0:32:11]} Bh6
{[%clk 0:30:36]} 41. Nf5 {[%clk 0:11:23]} Bd2 {[%clk 0:30:59]} 42. a3
{[%clk 0:11:52]} Be1 {[%clk 0:25:46]} 43. Kf4 {[%clk 0:10:40]} Bd2+
{[%clk 0:26:05]} 44. Ke4 {[%clk 0:10:16]} Be1 {[%clk 0:22:53]} 45. Kf4
{[%clk 0:04:22]} Bc3 {[%clk 0:21:24]} 46. Kxg4 {[%clk 0:03:01]} Ke5
{[%clk 0:21:48]} 47. Ne7 {[%clk 0:03:00]} Kd4 {[%clk 0:20:13]} 48. Kf5
{[%clk 0:02:14]} Kxc4 {[%clk 0:17:31]} 49. Ke6 {[%clk 0:02:44]} Be5
{[%clk 0:14:21]} 50. g4 {[%clk 0:03:13]} Kb3 {[%clk 0:14:40]} 51. Nc8
{[%clk 0:03:20]} Kxa3 {[%clk 0:14:12]} 52. Nxd6 {[%clk 0:03:40]} Bf4
{[%clk 0:13:19]} 53. b5 {[%clk 0:01:21]} a5 {[%clk 0:13:15]} 54. Nc4+
{[%clk 0:01:41]} Kb4 {[%clk 0:13:38]} 55. Ne5 {[%clk 0:01:55]} Bxe5
{[%clk 0:09:39]} 56. Kxe5 {[%clk 0:02:24]} a4 {[%clk 0:10:05]} 57. d6
{[%clk 0:02:46]} a3 {[%clk 0:10:30]} 58. d7 {[%clk 0:03:14]} a2 {[%clk 0:10:55]}
59. d8=Q a1=Q+ {[%clk 0:11:18]} 60. Kf4 {[%clk 0:02:37]} Qc1+ {[%clk 0:11:06]}
61. Kg3 {[%clk 0:02:44]} Qe1+ {[%clk 0:07:14]} 62. Kf3 {[%clk 0:02:36]} Qf1+
{[%clk 0:05:11]} 63. Kg3 {[%clk 0:03:00]} Qg1+ {[%clk 0:04:15]} 64. Kf3
{[%clk 0:03:21]} Qh1+ {[%clk 0:04:36]} 65. Kg3 {[%clk 0:03:38]} Kxb5
{[%clk 0:03:45]} 66. Qd3+ {[%clk 0:03:25]} Kc5 {[%clk 0:02:34]} 67. Qe3+
{[%clk 0:03:33]} Kc6 {[%clk 0:02:42]} 68. Qe6+ {[%clk 0:03:55]} Kb7
{[%clk 0:02:47]} 69. Qd7+ {[%clk 0:03:21]} Kb8 {[%clk 0:03:08]} 70. Qe8+
{[%clk 0:03:33]} Kc7 {[%clk 0:03:02]} 71. Qe7+ {[%clk 0:03:48]} Kc6
{[%clk 0:03:18]} 72. Qe6+ {[%clk 0:04:00]} Kc5 {[%clk 0:03:27]} 73. Qe3+
{[%clk 0:04:21]} Kb5 {[%clk 0:02:23]} 74. Qb3+ {[%clk 0:04:32]} 1/2-1/2

[Event "Moscow Open A,B"]
[Site "?"]
[Date "2017.02.03"]
[Round "7.6"]
[White "Kokarev, Dmitry"]
[Black "Chernobay, Artem"]
[Result "1/2-1/2"]
[BlackElo "2488"]
[WhiteElo "2651"]
[LiveChessVersion "1.4.8"]

1. e4 e6 2. d4 d5 3. Nc3 Nf6 4. e5 Nfd7 5. f4 c5 6. Nf3 Nc6 7. Be3 Be7 8. Qd2 O-O
9. Be2 b6 10. h4 f6 11. dxc5 Nxc5 12. exf6 Bxf6 13. Bb5 Ne7 14. Nd4 Bd7 15. Be2
Qc7 16. g3 a6 17. Bf3 Rad8 18. O-O-O b5 19. g4 b4 20. Nce2 e5 21. fxe5 Bxe5 22.
Bg5 Bd6 23. Kb1 Ne4 24. Qe3 Qb7 25. Rhf1 Nxg5 26. Qxg5 Rf7 27. Nf5 Bxf5 28. gxf5
Rxf5 29. Qe3 Kh8 30. Bg4 Rxf1 31. Rxf1 Ng8 32. h5 Qe7 33. Qd3 Qe4 34. Bf5 Qxd3
35. Bxd3 a5 36. Nd4 Rf8 37. Rxf8 Bxf8 38. c3 bxc3 39. bxc3 Nf6 40. Be2 g6 41.
hxg6 hxg6 42. Kc2 a4 43. c4 1/2-1/2

[Event "Moscow Open A,B"]
[Site "?"]
[Date "2017.02.03"]
[Round "7.8"]
[White "Atabayev, Yusup"]
[Black "Volkov, Sergey"]
[Result "1/2-1/2"]
[BlackElo "2617"]
[WhiteElo "2475"]
[LiveChessVersion "1.4.8"]

1. e4 {[%clk 1:30:52]} e6 {[%clk 1:30:55]} 2. d4 {[%clk 1:31:17]} d5
{[%clk 1:31:20]} 3. Nd2 {[%clk 1:31:39]} c5 {[%clk 1:31:44]} 4. exd5
{[%clk 1:32:01]} Qxd5 {[%clk 1:32:08]} 5. Ngf3 {[%clk 1:32:25]} cxd4
{[%clk 1:32:32]} 6. Bc4 {[%clk 1:32:50]} Qd6 {[%clk 1:32:43]} 7. O-O
{[%clk 1:33:12]} Nf6 {[%clk 1:33:10]} 8. Nb3 {[%clk 1:33:33]} Nc6
{[%clk 1:33:33]} 9. Nbxd4 {[%clk 1:33:57]} Nxd4 {[%clk 1:33:55]} 10. Nxd4
{[%clk 1:34:20]} a6 {[%clk 1:33:56]} 11. Re1 {[%clk 1:34:40]} Qc7
{[%clk 1:32:58]} 12. Bf1 {[%clk 1:35:04]} Bc5 {[%clk 1:27:11]} 13. Nb3
{[%clk 1:24:53]} Bd6 {[%clk 1:25:32]} 14. g3 {[%clk 1:25:16]} Bd7
{[%clk 1:24:03]} 15. c4 {[%clk 1:23:20]} Ba4 {[%clk 1:20:22]} 16. Qe2
{[%clk 1:16:07]} Bxb3 {[%clk 1:15:43]} 17. axb3 {[%clk 1:16:08]} O-O
{[%clk 1:16:06]} 18. Bd2 {[%clk 1:11:47]} a5 {[%clk 1:15:44]} 19. Bc3
{[%clk 1:11:50]} b6 {[%clk 1:14:11]} 20. Qf3 {[%clk 1:10:53]} Nd7
{[%clk 1:14:13]} 21. b4 {[%clk 1:08:08]} Be5 {[%clk 1:13:11]} 22. bxa5
{[%clk 1:07:16]} bxa5 {[%clk 1:10:59]} 23. Bxe5 {[%clk 1:02:40]} Nxe5
{[%clk 1:11:15]} 24. Qc3 {[%clk 1:02:56]} Nc6 {[%clk 1:06:58]} 25. Bg2
{[%clk 1:03:16]} Rfb8 {[%clk 1:05:46]} 26. Bxc6 {[%clk 1:02:40]} Qxc6
{[%clk 1:06:10]} 27. Rxa5 {[%clk 1:03:00]} Rxa5 {[%clk 1:06:30]} 28. Qxa5
{[%clk 1:03:21]} Qxc4 {[%clk 1:06:33]} 29. Rd1 {[%clk 1:02:32]} h6
{[%clk 1:00:27]} 30. Rd8+ {[%clk 1:02:49]} Rxd8 {[%clk 1:00:55]} 31. Qxd8+
{[%clk 1:03:12]} Kh7 {[%clk 1:01:22]} 32. Qd2 {[%clk 1:03:25]} e5
{[%clk 0:59:53]} 33. Qe3 {[%clk 1:02:28]} f6 {[%clk 0:58:26]} 34. b3
{[%clk 1:02:51]} Qc2 {[%clk 0:56:28]} 35. Kg2 {[%clk 1:02:45]} h5
{[%clk 0:50:18]} 36. h4 {[%clk 1:02:50]} Kg6 {[%clk 0:50:01]} 37. Qf3
{[%clk 1:01:58]} e4 {[%clk 0:46:04]} 38. Qe3 {[%clk 1:02:21]} Kf5
{[%clk 0:43:33]} 39. b4 {[%clk 1:02:00]} Qc4 {[%clk 0:43:23]} 40. b5
{[%clk 1:32:11]} Qxb5 {[%clk 1:13:29]} 41. Qf4+ {[%clk 1:32:37]} Kg6
{[%clk 1:13:02]} 42. Qxe4+ {[%clk 1:33:00]} 1/2-1/2

[Event "Moscow Open A,B"]
[Site "?"]
[Date "2017.02.03"]
[Round "7.11"]
[White "Chigaev, Maksim"]
[Black "Sychev, Klementy"]
[Result "1-0"]
[BlackElo "2449"]
[WhiteElo "2531"]
[LiveChessVersion "1.4.8"]

1. e4 {[%clk 1:30:49]} e5 {[%clk 1:30:33]} 2. Bc4 {[%clk 1:30:49]} Nf6
{[%clk 1:30:47]} 3. d3 {[%clk 1:31:10]} Bc5 {[%clk 1:30:56]} 4. Nf3
{[%clk 1:30:22]} Nc6 {[%clk 1:30:15]} 5. O-O {[%clk 1:28:39]} a6 {[%clk 1:29:54]}
6. a4 {[%clk 1:28:37]} d6 {[%clk 1:28:46]} 7. c3 {[%clk 1:27:53]} Ba7
{[%clk 1:29:10]} 8. h3 {[%clk 1:28:06]} h6 {[%clk 1:29:04]} 9. Re1
{[%clk 1:27:57]} O-O {[%clk 1:29:25]} 10. Nbd2 {[%clk 1:28:19]} Re8
{[%clk 1:28:42]} 11. b4 {[%clk 1:26:05]} Be6 {[%clk 1:26:23]} 12. Bxe6
{[%clk 1:26:26]} Rxe6 {[%clk 1:26:45]} 13. Qc2 {[%clk 1:26:53]} Re8
{[%clk 1:26:49]} 14. Nf1 {[%clk 1:04:17]} Qd7 {[%clk 1:26:26]} 15. Ng3
{[%clk 1:00:18]} Ne7 {[%clk 1:22:59]} 16. a5 {[%clk 0:56:26]} Rad8
{[%clk 1:21:42]} 17. c4 {[%clk 0:56:13]} c6 {[%clk 1:20:16]} 18. Bb2
{[%clk 0:48:56]} Ng6 {[%clk 1:14:12]} 19. d4 {[%clk 0:49:12]} Bb8
{[%clk 1:05:28]} 20. Rad1 {[%clk 0:44:16]} Qc8 {[%clk 0:58:58]} 21. Nf5
{[%clk 0:39:42]} Bc7 {[%clk 0:34:40]} 22. Rc1 {[%clk 0:31:12]} Qb8
{[%clk 0:29:15]} 23. d5 {[%clk 0:27:18]} Nf4 {[%clk 0:23:06]} 24. g3
{[%clk 0:24:54]} Ng6 {[%clk 0:22:06]} 25. Qd3 {[%clk 0:20:21]} Qc8
{[%clk 0:18:31]} 26. Bc3 {[%clk 0:19:55]} Qd7 {[%clk 0:14:57]} 27. Bd2
{[%clk 0:16:32]} Rc8 {[%clk 0:12:54]} 28. Kg2 {[%clk 0:10:50]} Bb8
{[%clk 0:03:30]} 29. Be3 {[%clk 0:10:56]} cxd5 {[%clk 0:03:31]} 30. cxd5
{[%clk 0:11:21]} Qa4 {[%clk 0:02:29]} 31. Bxh6 {[%clk 0:08:16]} Rxc1
{[%clk 0:01:55]} 32. Rxc1 {[%clk 0:07:36]} gxh6 {[%clk 0:01:30]} 33. Qe3
{[%clk 0:07:36]} Ne7 {[%clk 0:00:57]} 34. Qxh6 {[%clk 0:03:17]} Nxf5
{[%clk 0:01:25]} 35. exf5 {[%clk 0:03:09]} Nxd5 {[%clk 0:01:05]} 36. f6
{[%clk 0:01:41]} Nxf6 {[%clk 0:01:33]} 37. Qxf6 {[%clk 0:01:09]} Qb3
{[%clk 0:00:46]} 38. Ng5 {[%clk 0:01:08]} Qd5+ {[%clk 0:00:38]} 39. Kh2
{[%clk 0:01:11]} Rf8 {[%clk 0:00:39]} 40. Qf5 {[%clk 0:31:14]} Kg7
{[%clk 0:30:39]} 41. Qh7+ {[%clk 0:30:10]} Kf6 {[%clk 0:30:34]} 42. Qh6+
{[%clk 0:30:37]} Ke7 {[%clk 0:30:52]} 43. Nh7 {[%clk 0:31:01]} Re8
{[%clk 0:28:03]} 44. Qg5+ {[%clk 0:22:22]} Ke6 {[%clk 0:28:23]} 45. Qg4+
{[%clk 0:22:06]} Ke7 {[%clk 0:28:35]} 46. Qh4+ {[%clk 0:22:26]} Ke6
{[%clk 0:28:59]} 47. Kg1 {[%clk 0:22:28]} Rg8 {[%clk 0:09:10]} 48. Ng5+
{[%clk 0:15:36]} Kd7 {[%clk 0:07:47]} 49. Ne4 {[%clk 0:15:56]} Ke6
{[%clk 0:07:44]} 50. Qf6+ {[%clk 0:12:07]} Kd7 {[%clk 0:08:06]} 51. Qf3
{[%clk 0:12:23]} Ke7 {[%clk 0:02:44]} 52. Rd1 {[%clk 0:12:47]} Qe6
{[%clk 0:01:13]} 53. h4 {[%clk 0:08:35]} f5 {[%clk 0:00:34]} 54. Nc3
{[%clk 0:08:34]} e4 {[%clk 0:01:00]} 55. Qh5 {[%clk 0:08:10]} Ba7
{[%clk 0:01:01]} 56. Nd5+ {[%clk 0:06:55]} Kf8 {[%clk 0:00:33]} 57. Kg2
{[%clk 0:07:02]} e3 {[%clk 0:00:43]} 58. fxe3 {[%clk 0:07:24]} Rg4
{[%clk 0:00:34]} 59. Qh8+ {[%clk 0:06:50]} Kf7 {[%clk 0:00:52]} 60. Qh7+
{[%clk 0:07:15]} Kf8 {[%clk 0:00:57]} 61. Kh2 {[%clk 0:07:08]} Rc4
{[%clk 0:00:35]} 62. Rd2 {[%clk 0:06:20]} Qe5 {[%clk 0:00:33]} 63. Nf4
{[%clk 0:05:33]} Qxe3 {[%clk 0:00:33]} 64. Qxf5+ {[%clk 0:04:00]} Kg8
{[%clk 0:00:43]} 65. Qg5+ {[%clk 0:03:16]} Kh7 {[%clk 0:00:38]} 66. Qh5+
{[%clk 0:02:31]} Kg7 {[%clk 0:00:42]} 67. Qg6+ {[%clk 0:02:06]} Kh8
{[%clk 0:00:58]} 68. Rg2 {[%clk 0:02:20]} Rc1 {[%clk 0:00:33]} 69. Ne6
{[%clk 0:02:22]} Qc3 {[%clk 0:00:39]} 70. Qe8+ {[%clk 0:02:20]} Kh7
{[%clk 0:01:06]} 71. Qf7+ {[%clk 0:02:42]} Kh6 {[%clk 0:00:33]} 72. Qf8+
{[%clk 0:02:49]} Kh7 {[%clk 0:00:32]} 73. Ng5+ {[%clk 0:03:10]} 1-0

[Event "Moscow Open A,B"]
[Site "?"]
[Date "2017.02.03"]
[Round "7.12"]
[White "Sviridov, Valery"]
[Black "Drygalov, Sergey"]
[Result "1-0"]
[BlackElo "2424"]
[WhiteElo "2515"]
[LiveChessVersion "1.4.8"]

1. c4 {[%clk 1:30:54]} e5 {[%clk 1:29:20]} 2. g3 {[%clk 1:31:07]} Nf6
{[%clk 1:28:43]} 3. Bg2 {[%clk 1:30:01]} d5 {[%clk 1:28:37]} 4. cxd5
{[%clk 1:29:42]} Nxd5 {[%clk 1:29:03]} 5. Nf3 {[%clk 1:29:54]} Nc6
{[%clk 1:29:06]} 6. O-O {[%clk 1:30:00]} Be7 {[%clk 1:28:01]} 7. Nc3
{[%clk 1:29:13]} Nb6 {[%clk 1:28:12]} 8. d3 {[%clk 1:27:09]} O-O {[%clk 1:28:24]}
9. a3 {[%clk 1:27:26]} Re8 {[%clk 1:28:11]} 10. Be3 {[%clk 1:26:34]} Bf8
{[%clk 1:26:34]} 11. Rc1 {[%clk 1:26:39]} Nd4 {[%clk 1:21:14]} 12. Bxd4
{[%clk 1:21:33]} exd4 {[%clk 1:21:20]} 13. Ne4 {[%clk 1:21:50]} c6
{[%clk 1:18:09]} 14. Nc5 {[%clk 1:20:14]} Bxc5 {[%clk 1:17:06]} 15. Rxc5
{[%clk 1:20:36]} Bg4 {[%clk 1:16:05]} 16. Qd2 {[%clk 1:17:13]} Qf6
{[%clk 1:08:24]} 17. Re1 {[%clk 1:08:19]} Bxf3 {[%clk 0:43:45]} 18. Bxf3
{[%clk 1:08:09]} Nd7 {[%clk 0:43:26]} 19. Rcc1 {[%clk 1:07:49]} Qd6
{[%clk 0:42:03]} 20. Bg2 {[%clk 1:01:36]} Re5 {[%clk 0:37:29]} 21. Qf4
{[%clk 0:57:33]} Re6 {[%clk 0:35:48]} 22. Rc4 {[%clk 0:36:02]} Qxf4
{[%clk 0:28:46]} 23. gxf4 {[%clk 0:36:26]} Rd6 {[%clk 0:28:54]} 24. Rb4
{[%clk 0:35:53]} Re8 {[%clk 0:26:41]} 25. Rc1 {[%clk 0:27:50]} Rxe2
{[%clk 0:16:34]} 26. Kf1 {[%clk 0:26:44]} Re8 {[%clk 0:14:53]} 27. Rxb7
{[%clk 0:27:05]} Rb8 {[%clk 0:14:48]} 28. Rxa7 {[%clk 0:23:18]} c5
{[%clk 0:11:43]} 29. Bh3 {[%clk 0:21:08]} Nf8 {[%clk 0:11:21]} 30. Rxc5
{[%clk 0:21:20]} Ng6 {[%clk 0:11:33]} 31. Rc8+ {[%clk 0:20:38]} Rxc8
{[%clk 0:11:58]} 32. Bxc8 {[%clk 0:21:04]} Nxf4 {[%clk 0:12:00]} 33. Ba6
{[%clk 0:21:26]} g5 {[%clk 0:10:51]} 34. Bc4 {[%clk 0:21:32]} Rf6
{[%clk 0:11:17]} 35. a4 {[%clk 0:16:29]} Nh3 {[%clk 0:11:42]} 36. a5
{[%clk 0:13:50]} Rxf2+ {[%clk 0:12:04]} 37. Ke1 {[%clk 0:14:18]} Rxb2
{[%clk 0:12:19]} 38. a6 {[%clk 0:14:43]} Nf4 {[%clk 0:10:50]} 39. Rb7
{[%clk 0:15:05]} Rxh2 {[%clk 0:09:32]} 40. a7 {[%clk 0:45:26]} Rh1+
{[%clk 0:39:59]} 41. Kf2 {[%clk 0:45:42]} Ra1 {[%clk 0:40:21]} 42. Rb8+
{[%clk 0:45:21]} Kg7 {[%clk 0:40:46]} 43. a8=Q {[%clk 0:45:44]} Rxa8
{[%clk 0:41:11]} 44. Rxa8 {[%clk 0:46:09]} f5 {[%clk 0:41:27]} 45. Ra7+
{[%clk 0:45:59]} Kg6 {[%clk 0:41:29]} 46. Kf3 {[%clk 0:46:15]} h5
{[%clk 0:41:29]} 47. Ra6+ {[%clk 0:46:09]} Kg7 {[%clk 0:40:52]} 48. Rd6
{[%clk 0:43:54]} Ng6 {[%clk 0:41:07]} 49. Rxd4 {[%clk 0:43:55]} g4+
{[%clk 0:41:32]} 50. Kf2 {[%clk 0:44:07]} Kf6 {[%clk 0:40:59]} 51. Rd6+
{[%clk 0:41:16]} Kg5 {[%clk 0:41:18]} 52. d4 {[%clk 0:41:42]} h4 {[%clk 0:41:39]}
53. Rd5 {[%clk 0:41:04]} Nf4 {[%clk 0:41:25]} 54. Re5 {[%clk 0:41:27]} Kf6
{[%clk 0:31:47]} 55. Re1 {[%clk 0:39:52]} Nh3+ {[%clk 0:31:38]} 56. Kg2
{[%clk 0:39:06]} Ng5 {[%clk 0:32:01]} 57. Rf1 {[%clk 0:36:25]} h3+
{[%clk 0:31:47]} 58. Kh2 {[%clk 0:36:40]} Ne4 {[%clk 0:29:56]} 59. Bd3
{[%clk 0:37:04]} Nd6 {[%clk 0:30:24]} 60. Kg3 {[%clk 0:37:02]} Ke6
{[%clk 0:29:11]} 61. Rf4 {[%clk 0:35:57]} Kf6 {[%clk 0:28:32]} 62. Bxf5
{[%clk 0:35:57]} 1-0

[Event "Moscow Open A,B"]
[Site "?"]
[Date "2017.02.03"]
[Round "7.13"]
[White "Faizrakhmanov, Ramil"]
[Black "Levin, Evgeny A."]
[Result "1/2-1/2"]
[BlackElo "2506"]
[WhiteElo "2432"]
[LiveChessVersion "1.4.8"]

1. d4 {[%clk 1:30:53]} Nf6 {[%clk 1:30:55]} 2. c4 {[%clk 1:31:08]} e6
{[%clk 1:31:21]} 3. Nf3 {[%clk 1:31:05]} b6 {[%clk 1:31:32]} 4. g3
{[%clk 1:30:15]} Bb7 {[%clk 1:31:34]} 5. Bg2 {[%clk 1:30:21]} Be7
{[%clk 1:31:59]} 6. O-O {[%clk 1:29:55]} O-O {[%clk 1:32:23]} 7. Nc3
{[%clk 1:29:34]} Ne4 {[%clk 1:32:35]} 8. Bd2 {[%clk 1:29:10]} Bf6
{[%clk 1:32:48]} 9. Rc1 {[%clk 1:26:53]} d6 {[%clk 1:29:31]} 10. d5
{[%clk 1:26:19]} Nxc3 {[%clk 1:28:14]} 11. Bxc3 {[%clk 1:26:39]} Bxc3
{[%clk 1:28:40]} 12. Rxc3 {[%clk 1:26:58]} e5 {[%clk 1:28:56]} 13. b4
{[%clk 1:25:28]} a5 {[%clk 1:28:35]} 14. a3 {[%clk 1:25:15]} Nd7 {[%clk 1:26:08]}
15. Qc2 {[%clk 1:10:08]} Ra7 {[%clk 1:15:02]} 16. e4 {[%clk 1:01:37]} Qe7
{[%clk 0:51:29]} 17. Bh3 {[%clk 0:51:53]} axb4 {[%clk 0:50:08]} 18. axb4
{[%clk 0:52:14]} Bc8 {[%clk 0:30:28]} 19. Nd2 {[%clk 0:49:50]} Nf6
{[%clk 0:29:28]} 20. Bxc8 {[%clk 0:49:25]} Rxc8 {[%clk 0:29:55]} 21. c5
{[%clk 0:48:35]} bxc5 {[%clk 0:30:21]} 22. bxc5 {[%clk 0:48:59]} Rca8
{[%clk 0:30:02]} 23. cxd6 {[%clk 0:37:33]} cxd6 {[%clk 0:30:29]} 24. Rc8+
{[%clk 0:37:13]} Rxc8 {[%clk 0:22:29]} 25. Qxc8+ {[%clk 0:37:37]} Ne8
{[%clk 0:22:12]} 26. Rb1 {[%clk 0:32:37]} Qd7 {[%clk 0:16:15]} 27. Qxd7
{[%clk 0:30:58]} Rxd7 {[%clk 0:16:41]} 28. Rb8 {[%clk 0:31:08]} Kf8
{[%clk 0:17:08]} 29. Nc4 {[%clk 0:31:30]} Ke7 {[%clk 0:15:13]} 30. Na5
{[%clk 0:29:40]} g6 {[%clk 0:12:19]} 31. Nc6+ {[%clk 0:27:00]} Kf8
{[%clk 0:12:44]} 32. f4 {[%clk 0:22:44]} exf4 {[%clk 0:12:38]} 33. gxf4
{[%clk 0:23:04]} f5 {[%clk 0:10:39]} 34. exf5 {[%clk 0:20:20]} gxf5
{[%clk 0:11:06]} 35. Nd4 {[%clk 0:19:56]} Kf7 {[%clk 0:11:10]} 36. Nxf5
{[%clk 0:20:09]} Nf6 {[%clk 0:11:26]} 37. Ne3 {[%clk 0:19:24]} Ra7
{[%clk 0:11:43]} 38. Kf2 {[%clk 0:17:23]} Ra2+ {[%clk 0:11:44]} 39. Kf3
{[%clk 0:16:11]} Rxh2 {[%clk 0:11:16]} 40. Rb7+ {[%clk 0:46:10]} Kg6
{[%clk 0:37:12]} 41. Re7 {[%clk 0:38:29]} Rh3+ {[%clk 0:32:20]} 42. Kg2
{[%clk 0:37:50]} Rh4 {[%clk 0:32:05]} 43. Kg3 {[%clk 0:29:33]} Rh1
{[%clk 0:29:25]} 44. Re6 {[%clk 0:26:33]} Kf7 {[%clk 0:29:12]} 45. f5
{[%clk 0:26:36]} Rb1 {[%clk 0:18:26]} 46. Kf3 {[%clk 0:19:28]} Rb6
{[%clk 0:14:27]} 47. Ke2 {[%clk 0:18:08]} Ra6 {[%clk 0:14:06]} 48. Kf2
{[%clk 0:14:19]} Ra2+ {[%clk 0:14:13]} 49. Kf3 {[%clk 0:09:49]} Ra6
{[%clk 0:14:37]} 50. Ke2 {[%clk 0:06:27]} Nh5 {[%clk 0:14:33]} 51. Kd2
{[%clk 0:06:05]} Nf4 {[%clk 0:12:23]} 52. Re4 {[%clk 0:06:05]} Nh5
{[%clk 0:08:15]} 53. Rc4 {[%clk 0:06:07]} Ra7 {[%clk 0:06:00]} 54. Rc6
{[%clk 0:04:33]} Nf6 {[%clk 0:06:20]} 55. Kd3 {[%clk 0:04:45]} Ke7
{[%clk 0:06:34]} 56. Kd4 {[%clk 0:04:24]} Ne8 {[%clk 0:05:45]} 57. Rc2
{[%clk 0:04:04]} Ra4+ {[%clk 0:05:56]} 58. Nc4 {[%clk 0:04:03]} Kf6
{[%clk 0:04:59]} 59. Rh2 {[%clk 0:02:59]} Ng7 {[%clk 0:04:35]} 60. Rxh7
{[%clk 0:03:03]} Nxf5+ {[%clk 0:05:01]} 1/2-1/2

[Event "Moscow Open A,B"]
[Site "?"]
[Date "2017.02.04"]
[Round "8.1"]
[White "Artemiev, Vladislav"]
[Black "Grachev, Boris"]
[Result "1/2-1/2"]
[BlackElo "2650"]
[WhiteElo "2655"]
[LiveChessVersion "1.4.8"]

1. e4 {[%clk 1:30:32]} c5 {[%clk 1:29:25]} 2. Nf3 {[%clk 1:30:33]} e6
{[%clk 1:29:50]} 3. g3 {[%clk 1:29:15]} d5 {[%clk 1:30:05]} 4. exd5
{[%clk 1:29:21]} exd5 {[%clk 1:30:31]} 5. d4 {[%clk 1:29:09]} Nf6
{[%clk 1:30:33]} 6. Bg2 {[%clk 1:29:05]} Be7 {[%clk 1:30:22]} 7. O-O
{[%clk 1:27:18]} O-O {[%clk 1:30:28]} 8. dxc5 {[%clk 1:19:40]} Bxc5
{[%clk 1:29:42]} 9. Nc3 {[%clk 1:17:08]} Nc6 {[%clk 1:27:45]} 10. a3 h6 11. b4
Be7 12. Qd3 a6 13. Bb2 Be6 14. Ne2 Qc8 15. Nf4 Bf5 16. Qb3 Be4 17. Rad1 Qf5 18.
Rd2 Rad8 19. Rfd1 Qh7 20. Re2 g5 21. Nd3 Qf5 22. Nd4 Nxd4 23. Bxd4 Nd7 24. Rde1
Bxg2 25. Kxg2 Bf6 26. Qb2 Rc8 27. Nc5 Bxd4 28. Qxd4 Nxc5 29. bxc5 Rc6 30. Re8 Rf6
31. R8e7 Rb8 32. Rb1 Rc6 33. Rbe1 Rf6 34. c3 Kh7 35. R1e5 Qf3+ 36. Kg1 b6 37. c6
Rxc6 38. Rxd5 Rf6 39. Rd6 Rxd6 40. Qxd6 Rb7 41. Re3 Qf5 42. c4 Qb1+ 43. Kg2 Qg6
44. Qd5 Rc7 45. Re8 Qc6 46. Rb8 1/2-1/2

[Event "Moscow Open A,B"]
[Site "?"]
[Date "2017.02.04"]
[Round "8.9"]
[White "Chernobay, Artem"]
[Black "Goganov, Aleksey"]
[Result "0-1"]
[BlackElo "2639"]
[WhiteElo "2488"]
[LiveChessVersion "1.4.8"]

1. e4 e6 2. d4 d5 3. Nc3 Bb4 4. e5 c5 5. a3 Bxc3+ 6. bxc3 Ne7 7. Nf3 b6 8. Bb5+
Bd7 9. Bd3 Ba4 10. O-O c4 11. Be2 h6 12. Nh4 Ng6 13. Nxg6 fxg6 14. Bg4 Qd7 15. h4
Nc6 16. h5 gxh5 17. Bxh5+ Kd8 18. Bg4 Kc7 19. Bh3 Ne7 20. Bd2 Raf8 21. Rb1 Nf5
22. Rb4 a5 23. Rb2 g5 24. Qe2 Qh7 25. Rfb1 Rb8 26. f4 gxf4 27. Bxf4 Rhf8 28. Rf1
h5 29. Rf2 Qg6 30. Rb1 Rf7 31. Rbf1 Rbf8 32. Qd2 Ng7 33. Bh6 Rxf2 34. Rxf2 Rxf2
35. Kxf2 Ne8 36. Qf4 Bxc2 37. Qf8 Kd7 38. g3 Bd1 39. Qh8 Bg4 40. Bg2 Qc2+ 41. Kg1
Qxc3 42. Qh7+ Kc6 43. Bg5 Qxd4+ 44. Kh2 Nc7 45. Qe7 Qc5 46. Qd8 Kb7 47. Be7 Qc6
48. Bd6 Nb5 49. a4 Nc3 50. Bh3 Nxa4 51. Qe7+ Ka6 52. Bxg4 hxg4 53. Qxe6 c3 54.
Qf5 c2 0-1

[Event "Moscow Open A,B"]
[Site "?"]
[Date "2017.02.04"]
[Round "8.12"]
[White "Tsydypov, Zhamsaran"]
[Black "Pridorozhni, Aleksei"]
[Result "1/2-1/2"]
[BlackElo "2568"]
[WhiteElo "2468"]
[LiveChessVersion "1.4.8"]

1. e4 e5 2. Nf3 Nc6 3. d4 exd4 4. Nxd4 Bc5 5. Nb3 Bb6 6. Nc3 Nf6 7. Bg5 h6 8. Bh4
d6 9. Qe2 Ne5 10. O-O-O Be6 11. f4 Ng6 12. f5 Nxh4 13. fxe6 Ng6 14. Qb5+ Kf8 15.
exf7 Ne5 16. Nd4 Qd7 17. Qxd7 Nfxd7 18. Nd5 Kxf7 19. Be2 Rhe8 20. Rhf1+ Kg8 21.
a4 Bxd4 22. Rxd4 Rac8 23. a5 g6 24. Rb4 c6 25. Nf6+ Nxf6 26. Rxf6 Kg7 27. Rxd6
Re7 28. Rd1 Rf8 29. Rf1 Rxf1+ 30. Bxf1 Kf6 31. Be2 Nf7 32. Kd2 Nd6 33. Bf3 Ke5
34. Ke3 c5 35. Ra4 Rc7 36. Be2 g5 37. b3 Rf7 38. Bd3 Re7 39. c4 Re6 40. Ra1 Ne8
41. Be2 Ra6 42. Rd1 Rd6 43. Rd5+ Rxd5 44. exd5 b6 45. axb6 axb6 46. Bg4 Nf6 47.
Be6 Ne4 48. Kf3 Nf6 49. Bf7 Kd6 50. Bg6 Ke5 51. h3 Nd7 52. Ke3 Nf6 1/2-1/2